| 000 | 01120nam a22003617a 4500 | ||
|---|---|---|---|
| 001 | BR0504758 | ||
| 003 | BR-BrBNA | ||
| 005 | 20230928102023.0 | ||
| 007 | ta | ||
| 008 | 230509b bl.||||| |||| 00| 0 por d | ||
| 040 |
_aBR-BrBNA _bpor _cBiblioteca Nacional de Agricultura |
||
| 041 | _a(Por) | ||
| 072 | _aK10; T01 | ||
| 090 | _ K10 BR0504758 | ||
| 100 | 1 | _aSousa Junior, G.A. | |
| 110 | 1 |
_aUniversidade Federal de Lavras, MG (Brasil) _0Tese (Mestrado) |
|
| 245 | 1 | _aZoneamento da faixa tampão do reservatório da UHE-Camargos e avaliação de sua regeneração natural | |
| 260 | 3 |
_aLavras, MG (Brasil): _c2005. |
|
| 300 | _a103 p. | ||
| 500 | _aSummaries (Eng, Por); Several bibliography; 39 illus.; 20 tables | ||
| 650 | _aZONEAMENTO FLORESTAL | ||
| 650 | _aVEGETAÇÃO NATIVA | ||
| 650 | _aREVEGETAÇÃO | ||
| 650 | _aCONTROLE DA EROSÃO | ||
| 650 | _aCOBERTURA DO SOLO | ||
| 650 | _aMATA CILIAR | ||
| 650 | _aRESERVATÓRIO DE ÁGUA | ||
| 650 | _aHIDRELÉTRICA | ||
| 650 | _aIMPACTO AMBIENTAL | ||
| 650 | _aSENSORIAMENTO REMOTO | ||
| 909 |
_a202309 _bLucia _c55 _dLucia Elande |
||
| 942 | _cBK | ||
| 999 |
_c68737 _d68737 |
||